Govt. of
Madhya Pradesh

Normal view MARC view

Entry Personal Name

Number of records used in: 1

001 - CONTROL NUMBER

  • control field: 37768

003 - CONTROL NUMBER IDENTIFIER

  • control field: OSt

005 - DATE AND TIME OF LATEST TRANSACTION

  • control field: 20160211110416.0

008 - FIXED-LENGTH DATA ELEMENTS

  • fixed length control field: 160211|| aca||aabn | a|a d

040 ## - CATALOGING SOURCE

  • Original cataloging agency: OSt
  • Transcribing agency: OSt

100 ## - HEADING--PERSONAL NAME

  • Personal name: कविराज महामहोपाघ्‍याय प्ं गोपीनाथ जी

670 ## - SOURCE DATA FOUND

  • Source citation: Work cat.: (OSt)28526: कविराज महामहोपाघ्‍याय प्ं गोपीनाथ जी , अखण्‍ड महायोग